Online
Catalog

El vidrio en el mundo antiguo. (Record no. 1121)

MARC details
000 -CABECERA
campo de control de longitud fija 00861cam a2200229 a 4500
001 - NÚMERO DE CONTROL
campo de control 000001168
005 - FECHA Y HORA DE LA ÚLTIMA TRANSACCIÓN
campo de control 20250730105807.0
008 - DATOS DE LONGITUD FIJA--INFORMACIÓN GENERAL
campo de control de longitud fija 770517s1969 sp a b 001 0 spa
040 ## - FUENTE DE LA CATALOGACIÓN
Centro catalogador/agencia de origen DO-SdBNP
Lengua de catalogación spa
Centro/agencia transcriptor BNPHU
082 ## - NÚMERO DE LA CLASIFICACIÓN DECIMAL DEWEY
Número de clasificación 666.13
Número de documento/Ítem V677v
100 1# - ENTRADA PRINCIPAL--NOMBRE DE PERSONA
Nombre de persona Vigil Pascual, Marcelo.
9 (RLIN) 3983
245 13 - MENCIÓN DE TÍTULO
Título El vidrio en el mundo antiguo.
260 ## - PUBLICACIÓN, DISTRIBUCIÓN, ETC.
Lugar de publicación, distribución, etc. Madrid :
Nombre del editor, distribuidor, etc. Instituto Español de Arqueología, Consejo Superior de Investigaciones Cientificas,
Fecha de publicación, distribución, etc. 1969.
300 ## - DESCRIPCIÓN FÍSICA
Extensión xii, 181 p. :
Otras características físicas il. ;
Dimensiones 20 cm.
490 1# - MENCIÓN DE SERIE
Mención de serie Bibliotheca archaeologica
Designación de volumen o secuencia no. 7
504 ## - NOTA DE BIBLIOGRAFÍA, ETC.
Nota de bibliografía, etc. Incluye referencias bibliográficas y notas al pie de las páginas.
504 ## - NOTA DE BIBLIOGRAFÍA, ETC.
Nota de bibliografía, etc. Incluye indice de materia e índice de nombres.
650 #4 - PUNTO DE ACCESO ADICIONAL DE MATERIA--TÉRMINO DE MATERIA
Término de materia o nombre geográfico como elemento de entrada Vidrio
Subdivisión general Tecnología
9 (RLIN) 3984
650 #0 - PUNTO DE ACCESO ADICIONAL DE MATERIA--TÉRMINO DE MATERIA
Término de materia o nombre geográfico como elemento de entrada Arqueología
9 (RLIN) 3985
650 #4 - PUNTO DE ACCESO ADICIONAL DE MATERIA--TÉRMINO DE MATERIA
Término de materia o nombre geográfico como elemento de entrada Vidrio
Subdivisión general Industria y comercio
9 (RLIN) 3986
830 #0 - PUNTO DE ACCESO ADICIONAL DE SERIE-TÍTULO UNIFORME
Título uniforme Bibliotheca archaeologica;
Designación de volumen o secuencia no. 7
9 (RLIN) 3987
Holdings
Estado de retiro Estado de pérdida Restricciones de uso No para préstamo Código de colección Localización permanente Ubicación/localización actual Ubicación en estantería Fecha de adquisición Número de inventario Total de préstamos Signatura topográfica completa Código de barras Fecha visto por última vez Precio válido a partir de Tipo de ítem Koha
    Préstamo interno Préstamo en sala Dominicana de Servicio Biblioteca Nacional Pedro Henríquez Ureña Biblioteca Nacional Pedro Henríquez Ureña Depósito 04.09.2009 LF1   666.13 V677v 1168-10 25.06.2020 25.06.2020 Libros y folletos

Powered by Koha